| 000 -LEADER |
| fixed length control field |
00822cam a22002294a 4500 |
| 005 - DATE AND TIME OF LATEST TRANSACTION |
| control field |
20131031043607.0 |
| 008 - FIXED-LENGTH DATA ELEMENTS--GENERAL INFORMATION |
| fixed length control field |
010410s2002 nyu be 001 0 eng |
| 020 ## - INTERNATIONAL STANDARD BOOK NUMBER |
| International Standard Book Number |
0415253233 |
| 020 ## - INTERNATIONAL STANDARD BOOK NUMBER |
| International Standard Book Number |
0415253241 |
| 041 0# - LANGUAGE CODE |
| Language code of text/sound track or separate title |
eng |
| 080 ## - UNIVERSAL DECIMAL CLASSIFICATION NUMBER |
| Universal Decimal Classification number |
33 |
| 100 1# - Rafti |
| Rafti |
Vernon, Mark, |
| 100 1# - Rafti |
| -- |
1966- |
| 245 10 - TITLE STATEMENT |
| Title |
Business : |
| Statement of responsibility, etc |
Mark Vernon. |
| 260 ## - |
| -- |
New York : |
| -- |
Routledge, |
| -- |
2002. |
| 300 ## - |
| -- |
253 p. ; |
| -- |
18 cm. |
| 500 ## - |
| -- |
Preface : f. [VI]-VII |
| 504 ## - BIBLIOGRAPHY, ETC. NOTE |
| Bibliography, etc |
Includes bibliographical references (p. 219-245) and index. |
| 650 #0 - |
| -- |
Biznesi |
| -- |
Enciklopeditë |
| 856 42 - |
| -- |
Publisher description |
| -- |
http://www.loc.gov/catdir/enhancements/fy0650/2001019934-d.html |
| 942 ## - ADDED ENTRY ELEMENTS (KOHA) |
| Source of classification or shelving scheme |
|
| Item type |
Books |